| 000 | 00661nam a2200193Ia 4500 | ||
|---|---|---|---|
| 020 | _a969832903X(hb) | ||
| 082 |
_a954.6 _bIJA _cD |
||
| 100 |
_aIjaz Hussain. _946327 |
||
| 245 |
_aKashmir Dispute: _ban international law perspective. |
||
| 260 |
_aIslamabad: _bNational Institute of Pakistan Studies, _c1998. |
||
| 300 | _a309p. | ||
| 526 |
_a0 _b0 _c0 _d954_600000000000000_IJA |
||
| 526 |
_a0 _b0 _c0 _d954_600000000000000_IJA |
||
| 526 |
_a0 _b0 _c0 _d954_600000000000000_IJA |
||
| 526 |
_a0 _b0 _c0 _d954_600000000000000_IJA |
||
| 650 |
_aJammu and Kashmir (Indian-Occupied) -- Politics and Government -- 1947-- _946328 |
||
| 650 |
_aMCE _9379 |
||
| 942 |
_2ddc _cBK |
||
| 999 |
_c549684 _d549684 |
||